000 00790nam a2200253Ia 4500
003 OSt
005 20220925234502.0
006 a|||||r|||| 00| 0
007 ta
008 220923b |||||||| |||| 00| 0 eng d
020 _a9780857853929
_c4827.8699999999999
037 _b40090, 11/02/2014, Segment Book Distrobutors
_cGeneral Book
040 _aRTL
_cRTL
_beng
041 _2eng
_aeng
082 _aY:3(M7), Q3
100 _aRAVETZ Amanda
_9300158
245 0 _aCollaboration through craft.
260 _a New Delhi
_bBloomsbury
_c2013
300 _axviii,257p.
_ccm.
500 _aBibliography: p 149-56
650 _aSociology
942 _hY:3(M7), Q3
_cGB
_2CC
999 _c595691
_d595691